[Event "Bunratty Masters 2019"]
[Site "Bunratty IRL"]
[Date "2019.02.23"]
[Round "2.11"]
[White "Moynihan, Kieran"]
[Black "O'Donnell, Conor"]
[Result "1/2-1/2"]
[BlackTitle "FM"]
[WhiteElo "2115"]
[BlackElo "2377"]
[WhiteICU "2112"]
[BlackICU "2342"]
[WhiteClub "C.C.Y.M.S."]
[BlackClub "Gonzaga"]
[WhiteNationality "IRL"]
[BlackNationality "IRL"]
[WhiteFideId "2500663"]
[BlackFideId "2504243"]
[PlyCount "64"]
[EventDate "2019.02.22"]
[Source "Live boards / tournament organizers"]

{ Event information: <a
href="https://www.irlchess.com/bunratty2019_allfiles/pairings_bunratty2019.html">Tournament
report</a>. }

1. d4 e6 2. c4 f5 3. Nc3 Nf6 4. Qc2 Bb4 5. f3 O-O 6. Bd2 b6 7. e3 c5 8. Bd3
Nc6 9. Nge2 d5 10. cxd5 Nxd5 11. O-O-O cxd4 12. exd4 Qf6 13. Nxd5 Bxd2+ 14.
Qxd2 exd5 15. Bb5 Na5 16. Nc3 a6 17. Be2 Qd6 18. g3 Nc4 19. Bxc4 dxc4 20.
Rhe1 Bb7 21. Qf2 b5 22. a3 Bc6 23. Re5 Bd7 24. f4 Rab8 25. Rd5 Qc6 26. Rc5
Qb7 27. Re1 Rfe8 28. Rce5 a5 29. Qe2 Kf8 30. Nb1 Qb6 31. Qd2 Rbd8 32. d5 b4
1/2-1/2

[Event "Bunratty Masters 2019"]
[Site "Bunratty IRL"]
[Date "2019.02.23"]
[Round "2.12"]
[White "Hebden, Mark"]
[Black "Miller, Ioana"]
[Result "1-0"]
[WhiteTitle "GM"]
[BlackTitle "WFM"]
[WhiteElo "2417"]
[BlackElo "2185"]
[WhiteClub "Syston ENG"]
[BlackClub "T.C.D."]
[WhiteNationality "ENG"]
[BlackNationality "IRL"]
[WhiteFideId "400084"]
[BlackFideId "1202260"]
[PlyCount "59"]
[EventDate "2019.02.22"]
[Source "Live boards / tournament organizers"]

{ Event information: <a
href="https://www.irlchess.com/bunratty2019_allfiles/pairings_bunratty2019.html">Tournament
report</a>. }

1. d4 Nf6 2. Nc3 e6 3. Bf4 b6 4. e4 Bb4 5. Bd3 c5 6. dxc5 bxc5 7. e5 Nd5 8.
Bd2 Bxc3 9. bxc3 Nc6 10. Nf3 Qa5 11. O-O Qa3 12. c4 Nb6 13. Qe2 Ba6 14.
Rfb1 Na5 15. Ng5 Naxc4 16. Rxb6 axb6 17. Bxc4 Qb2 18. Rc1 Bxc4 19. Qxc4
Rxa2 20. Qf4 O-O 21. Qe4 g6 22. Qh4 h5 23. Ne4 Ra1 24. Nf6+ Kg7 25. Qf4 Rh8
26. h4 Rxc1+ 27. Bxc1 Qxc2 28. Ne8+ Kf8 29. Nd6 Rh7 30. Qg5 1-0

[Event "Bunratty Masters 2019"]
[Site "Bunratty IRL"]
[Date "2019.02.23"]
[Round "2.13"]
[White "Hunt, Adam"]
[Black "Doyle, Hugh"]
[Result "1-0"]
[WhiteTitle "IM"]
[WhiteElo "2397"]
[BlackElo "2040"]
[BlackICU "2022"]
[WhiteClub "Blackthorne Russia ENG"]
[BlackClub "Cork"]
[WhiteNationality "ENG"]
[BlackNationality "IRL"]
[WhiteFideId "403970"]
[BlackFideId "2500876"]
[PlyCount "65"]
[EventDate "2019.02.22"]
[Source "Live boards / tournament organizers"]

{ Event information: <a
href="https://www.irlchess.com/bunratty2019_allfiles/pairings_bunratty2019.html">Tournament
report</a>. }

1. e4 c6 2. d4 d5 3. exd5 cxd5 4. c4 e6 5. Nf3 Nc6 6. Nc3 Bb4 7. Bd3 dxc4
8. Bxc4 Nf6 9. O-O O-O 10. Bg5 Be7 11. Re1 b6 12. a3 Bb7 13. Ba2 Nd5 14.
Ne4 Bxg5 15. Nexg5 h6 16. Ne4 Nce7 17. Qd3 Nf4 18. Qd2 Bxe4 19. Rxe4 Nfd5
20. Rae1 Rc8 21. Ne5 f5 22. R4e2 Rf6 23. g3 Nc6 24. Qd3 g6 25. Rc2 Nce7 26.
Rec1 Rxc2 27. Qxc2 a5 28. Qa4 f4 29. Re1 fxg3 30. hxg3 Kg7 31. Qd7 Qf8 32.
Ng4 Rf5 33. Rxe6 1-0

[Event "Bunratty Masters 2019"]
[Site "Bunratty IRL"]
[Date "2019.02.23"]
[Round "2.14"]
[White "Vicas, Marijus"]
[Black "Nettleton, Charlie B."]
[Result "1-0"]
[WhiteElo "2212"]
[BlackElo "2064"]
[WhiteICU "2324"]
[WhiteClub "Gonzaga"]
[BlackClub "Uxbridge ENG"]
[WhiteNationality "LTU"]
[BlackNationality "ENG"]
[WhiteFideId "12804541"]
[BlackFideId "419710"]
[PlyCount "106"]
[EventDate "2019.02.22"]
[Source "Live boards / tournament organizers"]
[WhiteFullName "Vi&#269;as, Marijus"]

{ Event information: <a
href="https://www.irlchess.com/bunratty2019_allfiles/pairings_bunratty2019.html">Tournament
report</a>. }

1. e4 c5 2. Nc3 Nc6 3. f4 e6 4. Nf3 d5 5. Bb5 Ne7 6. exd5 Nxd5 7. Ne5 Bd7
8. Nxd7 Qxd7 9. Qf3 a6 10. Nxd5 exd5 11. Be2 Be7 12. c3 O-O 13. O-O Rfe8
14. d3 b5 15. Bd2 c4 16. Rae1 f5 17. g3 Rad8 18. Qg2 cxd3 19. Bxd3 Bc5+ 20.
Kh1 g6 21. Be2 Re6 22. g4 Kh8 23. Bd3 d4 24. gxf5 Rxe1 25. Bxe1 gxf5 26.
Rg1 Qd5 27. Bxf5 Qxg2+ 28. Rxg2 dxc3 29. Bxc3+ Bd4 30. Rd2 b4 31. Bxd4+
Rxd4 32. Rxd4 Nxd4 33. Bd3 Ne6 34. Bxa6 Nxf4 35. Bc4 Kg7 36. a4 bxa3 37.
bxa3 Ng6 38. a4 Ne5 39. Bb5 Nf7 40. a5 Nd6 41. Bd7 Nc4 42. a6 Nb6 43. Bc6
Kf6 44. Kg2 Kg5 45. Kf3 Kf6 46. a7 Ke5 47. Kg4 Kf6 48. Kh5 Kg7 49. Be4 h6
50. Bc2 Na8 51. Bd3 Nc7 52. Be4 Kh8 53. Kxh6 Ne8 1-0

[Event "Bunratty Masters 2019"]
[Site "Bunratty IRL"]
[Date "2019.02.23"]
[Round "2.15"]
[White "Flynn, Jacob"]
[Black "Rawlinson, Aidan"]
[Result "1/2-1/2"]
[WhiteElo "1991"]
[BlackElo "2145"]
[WhiteICU "1963"]
[WhiteClub "Malahide"]
[BlackClub "Greater Manchester ENG"]
[WhiteNationality "IRL"]
[BlackNationality "ENG"]
[WhiteFideId "2509393"]
[BlackFideId "413496"]
[PlyCount "27"]
[EventDate "2019.02.22"]
[Source "Live boards / tournament organizers"]

{ Event information: <a
href="https://www.irlchess.com/bunratty2019_allfiles/pairings_bunratty2019.html">Tournament
report</a>. }

1. e4 g6 2. d4 Bg7 3. Nf3 d6 4. Bc4 Nf6 5. Qe2 O-O 6. e5 dxe5 7. dxe5 Nd5
8. O-O Bg4 9. Nbd2 Nb6 10. Bb3 Nc6 11. Qe4 Bf5 12. Qe2 Bg4 13. Qe4 Bf5 14.
Qe2 1/2-1/2

[Event "Bunratty Masters 2019"]
[Site "Bunratty IRL"]
[Date "2019.02.23"]
[Round "2.16"]
[White "Baburin, Alexander"]
[Black "Melaugh, Gavin"]
[Result "1/2-1/2"]
[WhiteTitle "GM"]
[WhiteElo "2432"]
[BlackElo "2078"]
[WhiteICU "2433"]
[BlackICU "2038"]
[WhiteClub "Kilkenny"]
[BlackClub "Elm Mount"]
[WhiteNationality "IRL"]
[BlackNationality "IRL"]
[WhiteFideId "2500914"]
[BlackFideId "2509571"]
[PlyCount "77"]
[EventDate "2019.02.22"]
[Source "Live boards / tournament organizers"]

{ Event information: <a
href="https://www.irlchess.com/bunratty2019_allfiles/pairings_bunratty2019.html">Tournament
report</a>. }

1. d4 e6 2. c4 f5 3. g3 Nf6 4. Bg2 Be7 5. Nf3 O-O 6. O-O d6 7. Nc3 Ne4 8.
Bd2 Nd7 9. Qc2 Ndf6 10. Rad1 Qe8 11. Nxe4 Nxe4 12. Bc1 Qh5 13. Ne1 Ng5 14.
Nd3 Nh3+ 15. Bxh3 Qxh3 16. Nf4 Qh6 17. Nd5 Bg5 18. Nxc7 Rb8 19. d5 e5 20.
Bxg5 Qxg5 21. c5 f4 22. Ne6 Bxe6 23. dxe6 dxc5 24. Qxc5 Rbe8 25. Rd6 h5 26.
Qd5 h4 27. e7+ Rf7 28. Rd8 Qxe7 29. Rxe8+ Qxe8 30. Rc1 Qe7 31. Rc5 hxg3 32.
hxg3 fxg3 33. Rc8+ Kh7 34. Qe4+ Kh6 35. Rh8+ Kg5 36. Qe3+ Kg6 37. Qxg3+ Qg5
38. Qxg5+ Kxg5 39. e3 1/2-1/2

[Event "Bunratty Masters 2019"]
[Site "Bunratty IRL"]
[Date "2019.02.23"]
[Round "2.17"]
[White "Fegan, Chris"]
[Black "Lopez, Alex"]
[Result "0-1"]
[BlackTitle "IM"]
[WhiteElo "2024"]
[BlackElo "2427"]
[BlackICU "2464"]
[WhiteClub "4NCL C.S.C. ENG"]
[BlackClub "Cork"]
[WhiteNationality "ENG"]
[BlackNationality "IRL"]
[WhiteFideId "410047"]
[BlackFideId "2501430"]
[PlyCount "88"]
[EventDate "2019.02.22"]
[Source "Live boards / tournament organizers"]

{ Event information: <a
href="https://www.irlchess.com/bunratty2019_allfiles/pairings_bunratty2019.html">Tournament
report</a>. }

1. d4 Nf6 2. Nf3 e6 3. c4 b6 4. g3 Ba6 5. Qc2 c6 6. Bg2 d5 7. Ne5 Bd6 8.
O-O Bxe5 9. dxe5 Nfd7 10. cxd5 cxd5 11. f4 Qe7 12. Rd1 Qc5+ 13. Qxc5 bxc5
14. e4 d4 15. b4 Nc6 16. bxc5 Nxc5 17. Bb2 Na4 18. Bxd4 Rd8 19. Nc3 Rxd4
20. Rxd4 Nxc3 21. Rd6 Bb7 22. Rd3 Na4 23. Rc1 Ke7 24. Bf1 Nb6 25. Ra3 Rc8
26. Kf2 h5 27. Be2 g6 28. Ke3 Nd7 29. h3 Ba8 30. Bb5 Ndb8 31. Rac3 Rc7 32.
Rb3 Rc8 33. Rbc3 Kd8 34. Rd1+ Nd7 35. g4 hxg4 36. hxg4 g5 37. Rd6 gxf4+ 38.
Kxf4 Nxe5 39. Ra3 Bc6 40. Be2 Rc7 41. g5 Rb7 42. Ra6 Kc7 43. Rd1 Rb2 44.
Bh5 Rh2 0-1

[Event "Bunratty Masters 2019"]
[Site "Bunratty IRL"]
[Date "2019.02.23"]
[Round "2.18"]
[White "Pein, Malcolm"]
[Black "Fox, Anthony"]
[Result "1-0"]
[WhiteTitle "IM"]
[WhiteElo "2313"]
[BlackElo "2041"]
[BlackICU "2027"]
[WhiteClub "Wood Green ENG"]
[BlackClub "Dun Laoghaire"]
[WhiteNationality "ENG"]
[BlackNationality "IRL"]
[WhiteFideId "400289"]
[BlackFideId "2500736"]
[PlyCount "117"]
[EventDate "2019.02.22"]
[Source "Live boards / tournament organizers"]

{ Event information: <a
href="https://www.irlchess.com/bunratty2019_allfiles/pairings_bunratty2019.html">Tournament
report</a>. }

1. d4 d5 2. c4 e6 3. Nc3 Nf6 4. Nf3 Be7 5. Bf4 O-O 6. e3 c5 7. dxc5 Bxc5 8.
Qc2 Nc6 9. Be2 a6 10. O-O dxc4 11. Bxc4 Be7 12. Rfd1 Qa5 13. Be2 e5 14. Bg3
Bg4 15. h3 Bxf3 16. Bxf3 Rad8 17. Bxc6 bxc6 18. Qf5 Rxd1+ 19. Rxd1 Rd8 20.
Rxd8+ Qxd8 21. Qxe5 Nd5 22. Nxd5 cxd5 23. b3 Kf8 24. Qb8 Qxb8 25. Bxb8 f5
26. Kf1 Kf7 27. Be5 g6 28. Ke2 Ke6 29. Bc3 Kd7 30. Kd3 Kc6 31. a4 h5 32.
Bg7 Bc5 33. Bc3 Be7 34. Bd4 Bb4 35. f3 Be7 36. e4 fxe4+ 37. fxe4 dxe4+ 38.
Kxe4 Bd6 39. Be5 Be7 40. Kd4 Bc5+ 41. Kc4 Be7 42. b4 g5 43. b5+ axb5+ 44.
axb5+ Kb6 45. Bd4+ Kc7 46. Kd5 g4 47. hxg4 hxg4 48. Ke6 Bb4 49. Bf2 g3 50.
Bxg3+ Kb6 51. Bf4 Be1 52. g4 Bh4 53. Be5 Kxb5 54. Bf6 Bf2 55. g5 Be3 56. g6
Bh6 57. Bg5 Bg7 58. Kf7 Bd4 59. Bf6 1-0

[Event "Bunratty Masters 2019"]
[Site "Bunratty IRL"]
[Date "2019.02.23"]
[Round "2.19"]
[White "Machin, Guillaume"]
[Black "Fehr, Jukka"]
[Result "1-0"]
[WhiteTitle "CM"]
[WhiteElo "2159"]
[BlackElo "1976"]
[WhiteClub "Rueil Malmaison FRA"]
[BlackClub "JoeSK FIN"]
[WhiteNationality "FRA"]
[BlackNationality "FIN"]
[WhiteFideId "616648"]
[BlackFideId "4674693"]
[PlyCount "73"]
[EventDate "2019.02.22"]
[Source "Live boards / tournament organizers"]

{ Event information: <a
href="https://www.irlchess.com/bunratty2019_allfiles/pairings_bunratty2019.html">Tournament
report</a>. }

1. Nf3 f5 2. d3 Nf6 3. e4 d6 4. Nc3 e5 5. h3 Be7 6. exf5 Bxf5 7. g4 Be6 8.
Bg2 c6 9. Qe2 Nbd7 10. d4 Qc7 11. dxe5 dxe5 12. Bg5 O-O 13. O-O b5 14. Nd2
Rae8 15. Bxf6 Rxf6 16. Nce4 Rf4 17. a4 a6 18. axb5 axb5 19. Qe3 Nb6 20. b3
Bb4 21. c3 Nd5 22. Qd3 Bf8 23. Ng5 Nf6 24. Nxe6 Rxe6 25. Ne4 Nxe4 26. Bxe4
g6 27. Qe3 Rf7 28. b4 Ref6 29. Rfd1 Kg7 30. Ra6 c5 31. Rxf6 Rxf6 32. Ra1
Rf7 33. Bd5 Rd7 34. Ra7 Qxa7 35. Qxe5+ Kh6 36. g5+ Kh5 37. Bf3+ 1-0

[Event "Bunratty Masters 2019"]
[Site "Bunratty IRL"]
[Date "2019.02.23"]
[Round "2.20"]
[White "McDonnell, James J."]
[Black "Walton, Alan J."]
[Result "1/2-1/2"]
[BlackTitle "CM"]
[WhiteElo "1825"]
[BlackElo "2140"]
[WhiteICU "2005"]
[WhiteClub "Steatham ENG"]
[BlackClub "3Cs ENG"]
[WhiteNationality "IRL"]
[BlackNationality "ENG"]
[WhiteFideId "2500787"]
[BlackFideId "409898"]
[PlyCount "104"]
[EventDate "2019.02.22"]
[Source "Live boards / tournament organizers"]

{ Event information: <a
href="https://www.irlchess.com/bunratty2019_allfiles/pairings_bunratty2019.html">Tournament
report</a>. }

1. e4 e6 2. d4 d5 3. Nd2 Nf6 4. e5 Nfd7 5. Bd3 c5 6. c3 Nc6 7. Ne2 cxd4 8.
cxd4 f6 9. exf6 Nxf6 10. O-O Bd6 11. Nf3 O-O 12. Bf4 Qc7 13. Bxd6 Qxd6 14.
Qd2 Bd7 15. Ng3 Ng4 16. Rad1 Rf4 17. h3 Nh6 18. Nh5 Rxf3 19. gxf3 Rf8 20.
Qg5 Qe7 21. Qxe7 Nxe7 22. Kg2 Nhf5 23. Bxf5 Nxf5 24. f4 g6 25. Ng3 Nh4+ 26.
Kh2 Rxf4 27. Ne2 Rf3 28. Ng1 Rf7 29. f3 Nf5 30. Rf2 Bb5 31. Rc2 Kg7 32. Rc5
Ba6 33. Rdc1 Nxd4 34. Rc7 Nc6 35. Rxf7+ Kxf7 36. a3 Ke7 37. b4 Kd6 38. Kg2
Bc4 39. Kf2 Ne5 40. Ke3 Bb5 41. Rc3 Nc4+ 42. Kf2 d4 43. Rd3 Kd5 44. Ne2 e5
45. Nc3+ Kc6 46. Nxb5 Kxb5 47. f4 Kc6 48. fxe5 Kd5 49. e6 Nd6 50. e7 Ke6
51. e8=Q+ Nxe8 52. Rxd4 Nd6 1/2-1/2

[Event "Bunratty Masters 2019"]
[Site "Bunratty IRL"]
[Date "2019.02.23"]
[Round "2.21"]
[White "Moran, Stephen"]
[Black "McMorrow, John"]
[Result "0-1"]
[WhiteElo "2155"]
[BlackElo "2052"]
[WhiteICU "2145"]
[BlackICU "1997"]
[WhiteClub "T.C.D."]
[BlackClub "Gonzaga"]
[WhiteNationality "IRL"]
[BlackNationality "IRL"]
[WhiteFideId "2501872"]
[BlackFideId "2501481"]
[PlyCount "52"]
[EventDate "2019.02.22"]
[Source "Live boards / tournament organizers"]

{ Event information: <a
href="https://www.irlchess.com/bunratty2019_allfiles/pairings_bunratty2019.html">Tournament
report</a>. }

1. c4 e5 2. e3 Nf6 3. Nc3 Nc6 4. Nf3 Bb4 5. Qc2 O-O 6. Nd5 Ba5 7. a3 d6 8.
b4 Bb6 9. Nxb6 axb6 10. Bb2 Re8 11. d3 Bf5 12. Be2 e4 13. dxe4 Bxe4 14. Qc3
Qe7 15. O-O h6 16. Rfd1 Ne5 17. Nd2 Bh7 18. Rac1 Rad8 19. Nf1 Ne4 20. Qb3
Qh4 21. Ng3 Re6 22. Nxe4 Bxe4 23. f3 Bxf3 24. gxf3 Rg6+ 25. Kf1 Qxh2 26.
Ke1 Nxf3+ 0-1

[Event "Bunratty Masters 2019"]
[Site "Bunratty IRL"]
[Date "2019.02.23"]
[Round "2.22"]
[White "O'Neill, Paul"]
[Black "O'Connor, Jonathan"]
[Result "0-1"]
[WhiteElo "2012"]
[BlackElo "2208"]
[WhiteICU "1988"]
[WhiteClub "Elm Mount"]
[BlackClub "Dublin"]
[WhiteNationality "IRL"]
[BlackNationality "IRL"]
[WhiteFideId "2507692"]
[BlackFideId "2501112"]
[PlyCount "72"]
[EventDate "2019.02.22"]
[Source "Live boards / tournament organizers"]

{ Event information: <a
href="https://www.irlchess.com/bunratty2019_allfiles/pairings_bunratty2019.html">Tournament
report</a>. }

1. d4 Nf6 2. Nf3 e6 3. c4 d5 4. Nc3 dxc4 5. Qa4+ c6 6. Qxc4 b5 7. Qb3 Nbd7
8. Bg5 Be7 9. e3 a6 10. Rd1 Qa5 11. a3 c5 12. Be2 Bb7 13. O-O O-O 14. Ne5
Rfe8 15. f4 Qc7 16. Nxf7 c4 17. Qc2 Kxf7 18. f5 e5 19. dxe5 Nxe5 20. Bxf6
Bxf6 21. Bh5+ Kf8 22. Bxe8 Rxe8 23. Nd5 Bxd5 24. Rxd5 Ng4 25. g3 Nxe3 26.
Qd2 Nxd5 27. Qxd5 Qe5 28. Qc6 Qe4 29. Qd6+ Kg8 30. Rf4 Qb1+ 31. Kg2 Qxb2+
32. Kh3 Qe5 33. Qxa6 c3 34. Qc6 Rd8 35. Kg4 Qd5 36. Qc7 Be5 0-1

[Event "Bunratty Masters 2019"]
[Site "Bunratty IRL"]
[Date "2019.02.23"]
[Round "2.23"]
[White "Melaugh, Shane"]
[Black "Artola Pola, Gerardo"]
[Result "1/2-1/2"]
[WhiteElo "2118"]
[BlackElo "1975"]
[WhiteICU "2122"]
[BlackICU "1982"]
[WhiteClub "Elm Mount"]
[BlackClub "Dublin"]
[WhiteNationality "IRL"]
[BlackNationality "ARG"]
[WhiteFideId "2509580"]
[BlackFideId "150878"]
[PlyCount "118"]
[EventDate "2019.02.22"]
[Source "Live boards / tournament organizers"]

{ Event information: <a
href="https://www.irlchess.com/bunratty2019_allfiles/pairings_bunratty2019.html">Tournament
report</a>. }

1. e4 d6 2. d4 Nf6 3. Nc3 g6 4. f3 a6 5. a4 b6 6. Be3 Bb7 7. Bc4 Nbd7 8.
Qd2 c5 9. Nge2 cxd4 10. Bxd4 Bg7 11. Nd5 O-O 12. Nxf6+ Nxf6 13. Qe3 Qc7 14.
Bd3 Nd7 15. O-O Bxd4 16. Nxd4 Qc5 17. c3 e5 18. Nc2 d5 19. Rad1 dxe4 20.
Bxe4 Bxe4 21. fxe4 Qxe3+ 22. Nxe3 Nc5 23. Ng4 Rad8 24. Nxe5 Rxd1 25. Rxd1
Nxa4 26. Nd7 Rc8 27. Rd2 Kg7 28. Kf2 Rc7 29. Ke3 b5 30. Ne5 Nb6 31. Rd6 Na4
32. Nd3 Nc5 33. Nxc5 Rxc5 34. Rxa6 b4 35. Kd4 Rh5 36. h3 bxc3 37. bxc3 Rg5
38. Ra2 Kf6 39. c4 Ke6 40. c5 h5 41. Rc2 Kd7 42. Rf2 f5 43. e5 Rg3 44. Rc2
f4 45. Ke4 g5 46. Kf5 f3 47. c6+ Kc7 48. gxf3 Rxf3+ 49. Kxg5 Re3 50. Kf6
Rf3+ 51. Kg6 Re3 52. Kf5 Rxh3 53. Re2 Rf3+ 54. Kg6 Rg3+ 55. Kxh5 Kxc6 56.
e6 Rg8 57. Kh6 Kd6 58. Kh7 Re8 59. Kg7 Rxe6 1/2-1/2

[Event "Bunratty Masters 2019"]
[Site "Bunratty IRL"]
[Date "2019.02.23"]
[Round "2.24"]
[White "Wolferink, Frans"]
[Black "Byrne, Alex"]
[Result "1-0"]
[WhiteElo "2086"]
[BlackElo "1967"]
[BlackICU "1961"]
[BlackClub "St. Benildus"]
[WhiteNationality "NED"]
[BlackNationality "IRL"]
[WhiteFideId "1003917"]
[BlackFideId "2508788"]
[PlyCount "65"]
[EventDate "2019.02.22"]
[Source "Live boards / tournament organizers"]

{ Event information: <a
href="https://www.irlchess.com/bunratty2019_allfiles/pairings_bunratty2019.html">Tournament
report</a>. }

1. e4 e6 2. d4 d5 3. Nc3 Nf6 4. Bg5 Be7 5. e5 Nfd7 6. h4 c5 7. Bxe7 Qxe7 8.
Nb5 Kd8 9. c3 b6 10. Nf3 Ba6 11. a4 Nc6 12. Qd2 f6 13. exf6 gxf6 14. Be2
Na5 15. Rd1 Bxb5 16. axb5 c4 17. O-O Nb7 18. Rfe1 Nd6 19. Qe3 Nf8 20. h5
Rg8 21. Nh4 Kc7 22. Qh3 Rd8 23. Bf3 Qf7 24. Qh2 Nd7 25. Ra1 Ra8 26. Ra2
Rgd8 27. Rea1 a5 28. bxa6 e5 29. Bg4 Kc6 30. Nf5 Nxf5 31. Bxf5 Ra7 32. Rd1
Nf8 33. dxe5 1-0

[Event "Bunratty Masters 2019"]
[Site "Bunratty IRL"]
[Date "2019.02.23"]
[Round "2.25"]
[White "Keogh, Eamon"]
[Black "Menzies, Colin"]
[Result "0-1"]
[WhiteTitle "NM"]
[WhiteElo "1929"]
[BlackElo "2170"]
[WhiteICU "1908"]
[WhiteClub "Kilkenny"]
[BlackClub "Rangers ENG"]
[WhiteNationality "IRL"]
[BlackNationality "IRL"]
[WhiteFideId "2500264"]
[BlackFideId "2502755"]
[PlyCount "64"]
[EventDate "2019.02.22"]
[Source "Live boards / tournament organizers"]

{ Event information: <a
href="https://www.irlchess.com/bunratty2019_allfiles/pairings_bunratty2019.html">Tournament
report</a>. }

1. e4 c5 2. Nc3 Nc6 3. f4 g6 4. Nf3 Bg7 5. Bb5 Nd4 6. O-O a6 7. Bc4 b5 8.
Bd5 Rb8 9. d3 e6 10. Bb3 Ne7 11. Nxd4 Bxd4+ 12. Kh1 Bb7 13. Ne2 Bg7 14. Ng3
h5 15. f5 h4 16. fxg6 hxg3 17. gxf7+ Kf8 18. h3 c4 19. dxc4 Bxe4 20. Qg4
Bc6 21. Bf4 bxc4 22. Bxc4 Rb4 23. Bd6 Rxc4 24. Qxc4 Rxh3+ 25. Kg1 Rh2 26.
Rf3 Bxf3 27. gxf3 Qb6+ 28. Bc5 d5 29. Bxb6 dxc4 30. Rd1 Nd5 31. Bc5+ Kxf7
32. Bd6 Rxc2 0-1

[Event "Bunratty Masters 2019"]
[Site "Bunratty IRL"]
[Date "2019.02.23"]
[Round "2.26"]
[White "Horvath, Gabor"]
[Black "O'Flaherty, Kevin"]
[Result "1/2-1/2"]
[WhiteTitle "FM"]
[WhiteElo "2252"]
[BlackElo "1872"]
[WhiteICU "2074"]
[BlackICU "1815"]
[WhiteClub "Galway"]
[BlackClub "Univ. of Limerick"]
[WhiteNationality "HUN"]
[BlackNationality "IRL"]
[WhiteFideId "720003"]
[BlackFideId "2502283"]
[PlyCount "56"]
[EventDate "2019.02.22"]
[Source "Live boards / tournament organizers"]
[WhiteFullName "Horv&aacute;th, G&aacute;bor"]

{ Event information: <a
href="https://www.irlchess.com/bunratty2019_allfiles/pairings_bunratty2019.html">Tournament
report</a>. }

1. e4 e5 2. Nf3 Nc6 3. Bc4 Bc5 4. O-O d6 5. d3 h6 6. c3 Nf6 7. a4 a6 8. Re1
O-O 9. h3 Be6 10. Bxe6 fxe6 11. d4 exd4 12. cxd4 Bb6 13. Nc3 e5 14. Be3
exd4 15. Nxd4 Nxd4 16. Bxd4 Bxd4 17. Qxd4 Qe8 18. Rad1 Qf7 19. Rd2 Rae8 20.
Re3 Kh8 21. b4 Nd7 22. Nd5 Ne5 23. Qc3 c6 24. Nb6 Qg6 25. Nc4 Nxc4 26. Qxc4
Re5 27. Qd3 d5 28. exd5 Qxd3 1/2-1/2

[Event "Bunratty Masters 2019"]
[Site "Bunratty IRL"]
[Date "2019.02.23"]
[Round "3.3"]
[White "O'Gorman, Tom"]
[Black "Turner, Matthew"]
[Result "0-1"]
[WhiteTitle "FM"]
[BlackTitle "GM"]
[WhiteElo "2248"]
[BlackElo "2519"]
[WhiteICU "2211"]
[WhiteClub "Dun Laoghaire"]
[BlackClub "Barbican ENG"]
[WhiteNationality "IRL"]
[BlackNationality "SCO"]
[WhiteFideId "2508249"]
[BlackFideId "402893"]
[PlyCount "115"]
[EventDate "2019.02.22"]
[Source "Live boards / tournament organizers"]
[ICUid "48712"]

{ Event information: <a
href="https://www.irlchess.com/bunratty2019_allfiles/pairings_bunratty2019.html">Tournament
report</a>. }

1. e4 e5 2. Nf3 Nc6 3. Bb5 a6 4. Ba4 Nf6 5. O-O Be7 6. Re1 b5 7. Bb3 d6 8.
c3 O-O 9. h3 Be6 10. d4 Bxb3 11. axb3 exd4 12. cxd4 Nb4 13. Nc3 c5 14. Bg5
Re8 15. e5 dxe5 16. Rxe5 cxd4 17. Qxd4 Qxd4 18. Nxd4 h6 19. Bh4 g5 20. Bg3
Bf8 21. Rae1 Rxe5 22. Bxe5 Nd7 23. Bg3 Nc5 24. Ne4 Nbd3 25. Re3 Nxe4 26.
Rxd3 Nxg3 27. Rxg3 Rd8 28. Rg4 Bc5 29. Nf5 Rd5 30. b4 Rxf5 31. bxc5 Rxc5
32. Rd4 Rc1+ 33. Kh2 Rc2 34. b4 Rxf2 35. Rd6 Kg7 36. Rxa6 Rf4 37. Rb6 Rxb4
38. Kg3 h5 39. Kf3 h4 40. Rb8 Kg6 41. Rb6+ Kf5 42. Rb7 f6 43. Rb6 Rb3+ 44.
Kf2 Ke5 45. Kg1 Rb2 46. Kh2 b4 47. Rb5+ Ke4 48. Rb6 f5 49. Rg6 Rd2 50. Rxg5
b3 51. Rg8 b2 52. Rb8 Kd3 53. Rd8+ Kc2 54. Rc8+ Kd1 55. Rb8 Kc1 56. Rc8+
Rc2 57. Rb8 b1=Q 58. Rb2 0-1